Constitution Of The Federation Of Malaya 1957 (Record no. 27211)
[ view plain ]
| 000 -LEADER | |
|---|---|
| fixed length control field | 00742nam a22002057a 4500 |
| 001 - CONTROL NUMBER | |
| control field | 0000003897 |
| 003 - CONTROL NUMBER IDENTIFIER | |
| control field | PPM |
| 005 - DATE AND TIME OF LATEST TRANSACTION | |
| control field | 20260421125027.0 |
| 008 - FIXED-LENGTH DATA ELEMENTS--GENERAL INFORMATION | |
| fixed length control field | 260421b ||||| |||| 00| 0 eng d |
| 020 ## - INTERNATIONAL STANDARD BOOK NUMBER | |
| International Standard Book Number | 9789833374175 |
| Qualifying information | Paperback |
| 035 ## - SYSTEM CONTROL NUMBER | |
| System control number | 0000003897 |
| 040 ## - CATALOGING SOURCE | |
| Language of cataloging | Eng |
| Transcribing agency | Pusat Penyelidikan Mineral, Jabatan Mineral Dan Geosains Malaysia |
| Modifying agency | PPM |
| Description conventions | RDA |
| 082 00 - DEWEY DECIMAL CLASSIFICATION NUMBER | |
| Edition number | 22 |
| Classification number | 342.5951 |
| Item number | CON 2007 |
| 245 10 - TITLE STATEMENT | |
| Title | Constitution Of The Federation Of Malaya 1957 |
| 260 #1 - PUBLICATION, DISTRIBUTION, ETC. | |
| Place of publication, distribution, etc. | Kuala Lumpur : |
| Name of publisher, distributor, etc. | Kementerian Kebudayaan Kesenian dan Warisan Malaysia (KEKKWA) |
| Date of publication, distribution, etc. | 2007 |
| 300 00 - PHYSICAL DESCRIPTION | |
| Extent | Various pages : |
| Other physical details | some colour, illustrations .; |
| Dimensions | 21 cm |
| 650 10 - SUBJECT ADDED ENTRY--TOPICAL TERM | |
| Topical term or geographic name entry element | Constitutional law |
| Chronological subdivision | 1957 |
| Geographic subdivision | Malaya |
| 650 20 - SUBJECT ADDED ENTRY--TOPICAL TERM | |
| Topical term or geographic name entry element | Constitutional history |
| Chronological subdivision | 1957 |
| Geographic subdivision | Malaya |
| 942 ## - ADDED ENTRY ELEMENTS (KOHA) | |
| Source of classification or shelving scheme | |
| Koha item type | Books |
| Withdrawn status | Lost status | Source of classification or shelving scheme | Damaged status | Not for loan | Collection code | Permanent Location | Current Location | Shelving location | Date acquired | Total Checkouts | Full call number | Date last seen | Price effective from | Koha item type |
|---|---|---|---|---|---|---|---|---|---|---|---|---|---|---|
| Available | Open Shelf | PPM | PPM | Open Shelf | 21/04/2026 | 342.5951 CON 2007 | 21/04/2026 | 21/04/2026 | Books |